| 000 | 00448nam a22001697a 4500 | ||
|---|---|---|---|
| 003 | CEME | ||
| 005 | 20210628203644.0 | ||
| 008 | 210317b xxu||||| |||| 00| 0 eng d | ||
| 020 | _a0-87942-169-X | ||
| 040 | _c. | ||
| 082 | _a621.367 ELE'R | ||
| 100 |
_aRefioglu, H. Lhan _966727 |
||
| 245 | _aElectronic displays | ||
| 260 |
_aNEWYORK _bIEEE _c1983 |
||
| 650 |
_aINFORMATION DISPLAYS SYSTEMS IEEE CIRCUITS AND SYSTEM _966728 |
||
| 942 |
_cBK _2ddc |
||
| 999 |
_c574643 _d574643 |
||